000 01268cab a22002055a 4500
001 L137277
008 070327s2007 xxk f v 000 0 eng d
035 _a(Sirsi) u137277
041 0 _aeng
100 1 _aRobinson, Jeremy Rowan
245 0 4 _aThe Buchanan Street saga
_bdisposal of land held for planning purposes
_bStandard Commercial Property Securities Ltd v Glasgow City Council [2006] UKHL 50
260 _c2007
490 0 _aScottish Planning and Environmental Law
_v(119) February 2007, 15-17(3)
520 _aDiscusses ?Standard Commercial Property Securities Ltd v Glasgow City Council? ([2006] UKHL 50, L136013) which resulted from the decision by G to develop a site in the northern area of Glasgow which had multiple ownership. G had decided that it would compulsorily purchase the land and transfer to a preferred developer for redevelopment. The litigation concerned the challenge by S, one of the two largest owners of the site, to the decision of G to enter into an agreement with Atlas Investments Ltd, the other largest owner.
590 _aKA
650 2 4 _aSTANDARD COMMERCIAL PROPERTY SECURITIES LTD V GLASGOW CITY COUNCIL
651 4 _aScotland
_y1999-
690 _aENVIRONMENTAL AND LAND CONSULTANCY-PLANNING AND DEVELOPMENT
942 _n0
999 _c78578
_d78578